Представление документа в формате RUSMARC

ПолеНазваниеЗначение
  Тип записи c
  Библиографический уровень m
001 Контрольный номер RU/УОНБ/EK_N/682170933
005 Дата корректировки 20250520125913.4
100 Данные общей обработки __
a Данные общей обработки 20210813d2021 u y0rusy0189||||ca
101 Язык документа 0_
a Язык текста rus
f Язык титульного листа fre
102 Страна публикации __
a Страна публикации RU
105 Кодированные данные (монография) __
a Кодированные данные (монография) y###||||000|y
200 Заглавие и сведения об ответственности 1_
a Заглавие 84 Etudes
b Общее обозначение материала Ноты
e Сведения, относящиеся к заглавию [для фп.]
f Первые сведения об ответственности J. B. Cramer
210 Выходные данные 1_
a Место издания Москва
c Издательство P. Jurgenson
215 Физическое описание __
d Формат 40 см
300 Общие примечания __
a Общие примечания Тит. л. на фр. яз.
300 Общие примечания __
a Общие примечания Текст на рус. яз.
512 Заглавие обложки 1_
a Заглавие обложки 84 Etudes
686 Индексы других классификаций __
a Классификационный индекс 85
2 Код системы rubbk
700 Автор _1
a Фамилия Kramer
b Имя (инициалы) J. B.
g Полное личное имя Johann-Baptist
801 Источник записи _0
a Страна RU
b Организация Ульяновская ОНБ
c Дата составления 20210813
g Правила каталогизации RCR
801 Источник записи _1
a Страна RU
b Организация Ульяновская ОНБ
c Дата составления 20210813
g Правила каталогизации RCR
901 Тип документа __
t Тип документа v
909 Создатель записи __
a Создатель записи Лобина Л. И.
938 Служебная информация __
a Имя БД noti
b Имя библиотеки УОНБ
c Имя АИБС МАРК-SQL
d Номер DOC_ID в БД 24408